banner koha

Imigração, urbanização e concentração litorânea: a dinâmica populacional de Santa Catarina nos anos noventa (Registro n. 293590)

MARC details
000 -LÍDER
campo de controle de tamanho fixo 01002nac a22002777a 4500
001 - NÚMERO DE CONTROLE
campo de controle BR0402423
003 - IDENTIFICADOR DO NÚMERO DE CONTROLE
campo de controle BR-BrBNA
005 - DATA E HORÁRIO DA ÚLTIMA TRANSAÇÃO
campo de controle 20240105123010.0
008 - CAMPO DE DADOS FIXOS--INFORMAÇÃO GERAL
campo de controle de tamanho fixo 230509b bl.|||m| |||| 00| 0 por d
040 ## - FONTE DA CATALOGAÇÃO
Instituição da catalogação original BR-BrBNA
Idioma da catalogação por
Instituição que transcreveu o registro Biblioteca Nacional de Agricultura
072 ## - CÓDIGO DE CATEGORIA DE ASSUNTO
Código de Categoria de Assunto E51
090 ## - NÚMERO DE CHAMADA LOCAL
Número de chamada E51 BR0402423
100 1# - ENTRADA PRINCIPAL--NOME PESSOAL
Nome pessoal Toresan, L.
100 1# - ENTRADA PRINCIPAL--NOME PESSOAL
Nome pessoal Oliveira, G. de
110 1# - ENTRADA PRINCIPAL--NOME CORPORATIVO
Nome corporativo ou nome da jurisdição Instituto de Planejamento e Economia Agrícola de Santa Catarina, Florianópolis (Brasil)
245 1# - TÍTULO
Título Imigração, urbanização e concentração litorânea: a dinâmica populacional de Santa Catarina nos anos noventa
260 3# - PUBLICAÇÃO, DISTRIBUIÇÃO, ETC.
Local de publicação, distribuição, etc. Florianópolis, SC (Brasil):
Data da publicação, distribuição, etc. 2001.
300 ## - DESCRIÇÃO FÍSICA
Extensão 11 p.
490 ## - TÍTULO DA SÉRIE
Título da série Informe Conjuntural - Instituto de Planejamento e Economia Agrícola de Santa Catarina (Brazil)
Número do volume ou designação sequencial da série no. 180
ISSN - International Standard Serial Number
650 ## - ASSUNTO--TERMO TÓPICO
Cabeçalho tópico ou nome geográfico IMIGRAÇÃO
650 ## - ASSUNTO--TERMO TÓPICO
Cabeçalho tópico ou nome geográfico URBANIZAÇÃO
650 ## - ASSUNTO--TERMO TÓPICO
Cabeçalho tópico ou nome geográfico DINÂMICA POPULACIONAL
650 ## - ASSUNTO--TERMO TÓPICO
Cabeçalho tópico ou nome geográfico SANTA CATARINA
909 ## -
-- 202312
-- Lúcia Elande
-- 55
-- Lúcia Elande
942 ## - ELEMENTOS DE ENTRADA ADICIONADOS (KOHA)
Fonte da classificação ou esquema de arquivamento na estante Classificação AGRIS
Ocultar no OPAC Não
Tipo de material Koha Monografia Seriada
Exemplares
Situação do descarte Fonte da classificação ou esquema de arquivamento na estante Situação física Não pode ser emprestado Coleção Biblioteca de origem Biblioteca atual Localização na estante Total de empréstimos Número de telefone completo Código de barras Data de último acesso Tipo de material Koha Fonte de aquisição
  Classificação AGRIS       Biblioteca Nacional de Agricultura - Binagri Biblioteca Nacional de Agricultura - Binagri Agrobase - Acervo Geral   E51 BR0402423 E51 BR0402423 18/12/2023 Monografia Seriada Portaria Interministerial nº 164/94

BINAGRI

Telefone: (61)3218-2567/2388/3357/2097 - binagri@agro.gov.br

Ministério da Agricultura e Pecuária , Esplanada dos Ministérios, Bloco D, Anexo B, Brasília/DF, CEP: 70.043-900